000 00305nam a2200121Ia 4500
008 211105s9999 xx 000 0 und d
020 _aVYASA06596
100 _aDwivedi Rc
245 0 _aIsvara Pratyabhijna Vimarsini Of Abhinavagupta
250 _a\N
260 _bMotilal banarsidass
_c\N
300 _a342p.
999 _c6833
_d6833